Normal view
MARC view
- Kletz, Trevor A.
Entry Personal Name
001 - CONTROL NUMBER
- control field: 33925
003 - CONTROL NUMBER IDENTIFIER
- control field: OSt
005 - DATE AND TIME OF LATEST TRANSACTION
- control field: 20131008131557.0
008 - FIXED-LENGTH DATA ELEMENTS
- fixed length control field: 131008|| aca||aabn | a|a d
040 ## - CATALOGING SOURCE
- Original cataloging agency: OSt
- Transcribing agency: OSt
100 ## - HEADING--PERSONAL NAME
- Personal name: Kletz, Trevor A.
670 ## - SOURCE DATA FOUND
- Source citation: Work cat.: (OSt)0: Kletz, Trevor A., What went wrong? :, c2009.